000 00623nam a22001937a 4500
005 20250707123029.0
010 _aENG-145703
020 _a9789367137116
_c920.00
035 _aEN-129235
037 _bDBAD
082 _a657.042
_28
100 _aGupta, Ambrish
_982666
245 _aFinancial Accounting For Management:
_bAn Analytical Perspective/
_cAmbrish Gupta
250 _a8
260 _aNoida
_bPearson India Education
_c2025
270 _a15th Floor, Towe-B, World Trade Tower, Plot No.1, Block-C, Sector-16
_bNoida
_e201301
300 _a845p.
_c25cm(pbk)
942 _2ddc
_cEN
_h657.042
_mGUP
999 _c212158
_d212158